| 000 | 00601nam a2200217 a 4500 | ||
|---|---|---|---|
| 005 | 20210223125102.0 | ||
| 008 | 030827s2001 mx r 000 0 spa d | ||
| 020 | _a9682323428 | ||
| 035 | _aUPN01000128237 | ||
| 049 | _aCG | ||
| 050 | 4 |
_aQC173 _bCH3.2 |
|
| 100 | 1 |
_aChardin, Gabriel _931637 |
|
| 245 | 1 | 3 |
_aLa antimateria / _cGabriel Chardin ; tr. Glenn Gallardo. |
| 260 |
_aMéxico : _bSiglo XXI, _c2001. |
||
| 300 | _a110 p. | ||
| 440 | 0 | _aMosaicos | |
| 534 |
_pTraducción de: _tL'antimatière |
||
| 650 | 4 |
_aMATERIA - _xCONSTITUCION _914025 |
|
| 650 | 4 |
_aANTIMATERIA _94759 |
|
| 905 | _aLibro | ||
| 999 |
_c100416 _d100416 |
||